|
|
|
|
| LEADER |
00000nam a2200000 a 4500 |
| 001 |
UCU9212 |
| 003 |
CL-VaPUC |
| 008 |
960809e19650000IT |||||||||||||||||ita|d |
| 082 |
0 |
4 |
|a 759.047
|b ZAM
|2 21
|
| 100 |
0 |
|
|a Zampetti, Pietro
|e author
|9 368331
|
| 245 |
1 |
0 |
|a Mostra dei Guardi
|
| 250 |
|
|
|a 2a. ed
|
| 300 |
|
|
|a 423 p
|
| 942 |
|
|
|c BK
|
| 945 |
|
|
|d 19960809 00:00:00
|a rleighto
|
| 260 |
|
|
|a Venecia
|b Alfieri
|c 1965
|
| 600 |
0 |
7 |
|a GUARDI, GIAN ANTONIO
|2 CL-VaPUC
|9 368332
|
| 600 |
0 |
7 |
|a GUARDI, FRANCESCO
|2 CL-VaPUC
|9 349574
|
| 650 |
|
7 |
|a PINTURA ESPAÑOLA SIGLO 18
|2 CL-VaPUC
|9 368333
|
| 650 |
|
0 |
|a Pintores españoles
|9 315216
|
| 650 |
|
0 |
|a Obras de arte
|9 337253
|
| 583 |
|
|
|a last modification
|c 20160817 05:40:48
|k Rodrigo Vera
|
| 999 |
|
|
|c 251078
|d 251076
|
| 952 |
|
|
|0 0
|1 0
|4 0
|6 759_047000000000000_ZAM_1965
|7 0
|8 A
|9 270011
|a BIBARQ
|b BIBARQ
|d 2019-11-19
|i 321737K
|o 759.047 ZAM 1965
|p 321737K
|r 2025-01-20
|w 2019-11-19
|y BK
|k ARQ
|